Abbreviations - Statistics

General Stats
  • This quiz has been taken 28 times
    19 since last reset
  • The average score is 65 of 181
Answer Stats
Hint Answer % Correct
POV Point Of View
94%
RIP Rest In Peace
94%
IDK I Don't Know
82%
OMG Oh My God
82%
THX Thanks
82%
WTF What The F***
82%
AKA Also Known As
76%
AFK Away From Keyboard
76%
BPM Beats Per Minute
76%
BRB Be Right Back
76%
BTW By The Way
76%
DMG Damage
76%
DIY Do It Yourself
76%
GOAT Greatest Of All Time
76%
IDC I Don’t Care
76%
IDGAF I Don't Give A F***
76%
ILY I Love You
76%
IRL In Real Life
76%
LOL Laugh Out Loud
76%
NVM Never Mind
76%
NP No Problem
76%
NGL Not Gonna Lie
76%
RN Right Now
76%
TY Thank You
76%
UFO Unidentified Flying Object
76%
UK United Kingdom
76%
UN United Nations
76%
USA United States Of America
76%
ASAP As Soon As Possible
71%
FOMO Fear Of Missing Out
71%
JK Just Kidding
71%
SMH Shaking My Head
71%
TBH To Be Honest
71%
VR Virtual Reality
71%
YOLO You Only Live Once
71%
EU European Union
65%
FYI For Your Information
65%
FPS (1. Meaning) Frames Per Second
65%
GG Good Game
65%
IKR I Know, Right?
65%
IMO In My Opinion
65%
TTYL Talk To You Later
65%
UAE United Arab Emirates
65%
WWW World Wide Web
65%
AI Artificial Intelligence
59%
BFF Best Friends Forever
59%
ETA Estimated Time Of Arrival
59%
ID Identification
59%
NPC Non Player Character
59%
OP Overpowered
59%
PvP Player vs. Player
59%
TMI Too Much Information
59%
VIP Very Important Person
59%
BC Before Christ
53%
DPS Damage Per Second
53%
FBI Federal Bureau Of Investigation
53%
FAQ Frequently Asked Questions
53%
HP Hit Points / Health Points
53%
TL;DR Too Long; Didn't Read
53%
FPS (2. Meaning) First Person Shooter
47%
NSFW Not Safe For Work
47%
RPG Role Playing Game
47%
SOS Save Our Souls
47%
TBD To Be Determined
47%
CD (2. Meaning) Compact Disc
41%
DOB Date Of Birth
41%
DJ Disc Jockey
41%
EST Eastern Standard Time
41%
ETD Estimated Time Of Departure
41%
XP / EXP Experience Points
41%
XOXO Hugs and Kisses
41%
HR Human Resources
41%
MP Mana Points
41%
NATO North Atlantic Treaty Organization
41%
PST Pacific Standard Time
41%
TTYS Talk To You Soon
41%
TBA To Be Announced
41%
B.A. Bachelor Of Arts
35%
B.Sc. Bachelor Of Science
35%
BCE Before Common Era
35%
CEO Chief Executive Officer
35%
CE Common Era
35%
DNA Deoxyribonucleic Acid
35%
DM Direct Message
35%
HR Heart Rate
35%
N/A (2. Meaning) Not Applicable
35%
RNA Ribonucleic Acid
35%
ROFL Rolling On The Floor Laughing
35%
WHO World Health Organization
35%
AOE Area Of Effect
29%
BMI Body Mass Index
29%
ICYMI In Case You Missed It
29%
ISS International Space Station
29%
RNG Random Number Generator
29%
WIP Work In Progress
29%
AFAIK As Far As I Know
24%
Ph.D. Doctor Of Philosophy
24%
GPS Global Positioning System
24%
IIRC If I Remember Correctly
24%
M.A. Master Of Arts
24%
N/A (1. Meaning) Not Available
24%
OS Operating System
24%
OOO Out Of Office
24%
PIN Personal Identification Number
24%
P.S. Post Scriptum
24%
RAM Random Access Memory
24%
R&D Research And Development
24%
UI User Interface
24%
VPN Virtual Private Network
24%
AU African Union
18%
BP Blood Pressure
18%
COVID Coronavirus Disease
18%
GLHF Good Luck, Have Fun
18%
GPU Graphics Processing Unit
18%
GMT Greenwich Mean Time
18%
IQ Intelligence Quotient
18%
JS JavaScript
18%
SUV Sport Utility Vehicle
18%
UNO United Nations Organization
18%
WP Well Played
18%
WTO World Trade Organization
18%
ATM Automated Teller Machine
12%
BBA Bachelor Of Business Administration
12%
B2B Business To Business
12%
B2C Business To Consumer
12%
CSS Cascading Style Sheets
12%
CPU Central Processing Unit
12%
CD (1. Meaning) Cooldown
12%
DVD Digital Video Disc / Digital Versatile Disc
12%
EOD End Of Day
12%
HUD Heads Up Display
12%
HOT Heal Over Time
12%
HIV Human Immunodeficiency Virus
12%
HTML Hypertext Markup Language
12%
MBA Master Of Business Administration
12%
NASA National Aeronautics And Space Administration
12%
N/A (3. Meaning) No Answer
12%
PvE Player vs. Environment
12%
PDF Portable Document Format
12%
P&L Profit And Loss
12%
QR Code Quick Response Code
12%
SMS Short Message Service
12%
USB Universal Serial Bus
12%
WAN Wide Area Network
12%
WiFi Wireless Fidelity
12%
AIDS Acquired Immunodeficiency Syndrome
6%
AM Ante Meridem
6%
ASEAN Association Of Southeast Asian Nations
6%
BIOS Basic Input Output System
6%
CET Central European Time
6%
CAPTCHA Completely Automated Public Turing Test To Tell Computers And Humans Apart
6%
CDR Cooldown Reduction
6%
UTC Coordinated Universal Time
6%
DNS Domain Name System
6%
FTP File Transfer Protocol
6%
GAN Global Area Network
6%
GIF Graphics Interchange Format
6%
HTTP Hypertext Transfer Protocol
6%
ISO International Organization For Standardization
6%
IoT Internet Of Things
6%
IP Internet Protocol
6%
ISP Internet Service Provider
6%
JPEG Joint Photographic Experts Group
6%
KYC Know Your Customer
6%
ML Machine Learning
6%
MMORPG Massively Multiplayer Online RPG
6%
B.Sc. Master Of Science
6%
MMS Multimedia Messaging Service
6%
MOBA Multiplayer Online Battle Arena
6%
OTP One Time Password
6%
PAN (1. Meaning) Permanent Account Number
6%
PAN (3. Meaning) Personal Area Network
6%
PNG Portable Network Graphics
6%
PM (1. Meaning) Post Meridem
6%
PAN (2. Meaning) Primary Account Number
6%
PM (2. Meaning) Private Message
6%
ROM Read Only Memory
6%
SQL Structured Query Language
6%
SIM Card Subscriber Identity Module Card
6%
URL Uniform Resource Locator
6%
WLAN Wireless Local Area Network
6%
No matching quizzes found
Score Distribution
Percent of People with Each Score
Percentile by Number Answered
Your Score History
You have not taken this quiz since the last reset